000 00496nam a2200181Ia 4500
005 20250508161521.0
008 008 250505s9999 xx 000 0 eng d
037 _aTextual
040 _aFEDL
_beng
_cFEDL
041 _aeng
_2eng
084 _aB, KAS
_qFEDL
100 _aNayar Sushila
245 0 _aKasturba: A personal reminiscence
260 _aAhmedabad, India
_bNavjivan Prakashan Mandir
_c1960
300 _aix,102p.
942 _cTEXL
_hB, KAS
999 _c1370466
_d1370466